Statistiques concernant Élément du tableau périodique en ordre

Cliquez ici pour prendre le quiz!

Statistiques générales

  • Ce quiz a été pris 94 fois
  • Le résultat moyen est 54 sur 114

Statistiques - réponses

Answer% Correct
1Hydrogène
100%
2Hélium
94%
3Lithium
92%
5Bore
86%
4Béryllium
84%
6Carbone
84%
7Azote
84%
12Magnésium
80%
8Oxygène
80%
9Fluor
80%
11Sodium
78%
20Calcium
78%
10Néon
78%
23Vanadium
76%
13Aluminium
76%
16Soufre
76%
17Chlore
76%
18Argon
76%
19Potassium
76%
26Fer
75%
29Cuivre
75%
22Titane
75%
15Phosphore
75%
14Silicium
75%
21Scandium
75%
24Chrome
73%
28Nickel
73%
30Zinc
73%
31Gallium
73%
32Germanium
73%
25Manganèse
69%
36Krypton
67%
27Cobalt
67%
33Arsenic
67%
35Brome
63%
34Sélénium
61%
37Rubidium
61%
38Strontium
55%
54Xénon
55%
40Zirconium
53%
47Argent
51%
41Niobium
51%
48Cadmium
51%
53Iode
49%
50Étain
49%
39Yttrium
49%
43Technétium
49%
46Palladium
47%
44Ruthénium
47%
52Tellure
47%
42Molybdène
47%
45Rhodium
45%
49Indium
45%
55Césium
45%
51Antimoine
43%
56Baryum
43%
58Cérium
39%
57Lanthane
39%
93Neptunium
37%
60Néodyme
37%
59Praséodyme
37%
89Actinium
37%
92Uranium
37%
94Plutonium
35%
79Or
35%
61Prométhium
35%
66Dysprosium
33%
64Gadolinium
33%
91Protactinium
33%
62Samarium
33%
78Platine
33%
65Terbium
31%
63Europium
31%
90Thorium
31%
83Bismuth
31%
101Mendélévium
29%
99Einsteinium
29%
82Plomb
29%
84Polonium
29%
86Radon
29%
74Tungstène
29%
80Mercure
29%
71Lutécium
29%
70Ytterbium
29%
68Erbium
29%
98Californium
27%
76Osmium
27%
85Astate
27%
73Tantale
27%
72Hafnium
27%
100Fermium
27%
96Curium
27%
105Dubnium
25%
104Rutherfordium
25%
102Nobélium
25%
67Holmium
25%
81Thallium
25%
97Berkélium
25%
69Thulium
25%
88Radium
25%
87Francium
25%
75Rhénium
25%
77Iridium
25%
107Bohrium
24%
109Meitnérium
24%
106Seaborgium
24%
103Lawrencium
24%
95Américium
22%
108Hassium
22%
110Darmstadtium
22%
111Roentgenium
22%
116Livermorium
22%
114Flérovium
20%
112Copernicium
16%

Distribution des résultats

Percentile par nombre de réponses

% des personnes avec chaque résultat

Votre développement - résultats

Vous n’avez pas pris ce quiz